| 000 | 00608nam a2200181 i 4500 | ||
|---|---|---|---|
| 001 | 26704 | ||
| 003 | ES-MaACL | ||
| 005 | 20250722183611.0 | ||
| 007 | t| | ||
| 008 | 030110s1975 mx a |||| | spa d | ||
| 100 | 1 |
_aAtamoros, Noemí. _923720 |
|
| 245 | 1 | 0 |
_aSor Juana Inés de la Cruz y la ciudad de México / _cNoemí Atamoros de Pérez Martínez. |
| 260 |
_aMéxico : _b[s.n., _c1975] ( _fGráf. de la Nación) |
||
| 300 |
_a109 p. : _bil. ; _c17 cm. |
||
| 600 | 0 | 4 |
_aJuana Inés de la Cruz, _cSor, _d1651-1695- _xCrítica e interpretación _967143 |
| 852 |
_aES-MaACL _jE-8522 |
||
| 999 |
_c26704 _d26704 |
||